00500nam a2200193 a 4500001001300000003000900013005001700022008004100039020001000080082001300090100002600103245003500129260003400164300000700198500003500205505001700240650002300257700002600280nice12345678IN_TiNIC20260116011821.0050524s1978 dela grp 000 0 urd  ac10000a297bCHI aChishti, Yusuf Saleem aMazhab Ki Zaroorat Aur Ahmiyat aDelhibNihal Kitab Gharc1978 a48 aincludes index and biblioraphy2 abibliography aIslam-Meccan Trade1 aChishti, Yusuf Saleem